Les 100 plus grandes villes du Grand Est sur une carte - Statistiques

Statistiques générales
  • Ce quiz a été pris 569 fois
    568 depuis la dernière actualisation
  • Le résultat moyen est 32 sur 100
Réponses sur la Carte
Les réponses sont colorées sur une échelle allant du rouge au vert en fonction du pourcentage des utilisateurs qui les ont devinées à leur premier essai. Vous pouvez retrouver ces pourcentages ci-dessous.
 
Statistiques - réponses
Population Département Ville % Correct
291 709 67 Strasbourg
97%
121 695 57 Metz
94%
67 360 68 Colmar
92%
104 387 54 Nancy
92%
104 924 68 Mulhouse
90%
178 478 51 Reims
88%
45 634 08 Charleville-Mézières
78%
32 296 88 Épinal
78%
62 443 10 Troyes
78%
43 218 51 Châlons-en-Champagne
70%
14 615 55 Bar-le-Duc
67%
16 727 08 Sedan
65%
42 778 57 Thionville
65%
16 610 55 Verdun
65%
21 418 52 Chaumont
61%
19 324 88 Saint-Dié-des-Vosges
59%
21 111 57 Forbach
58%
36 070 67 Haguenau
58%
22 811 52 Saint-Dizier
55%
22 022 51 Épernay
54%
20 324 57 Sarreguemines
53%
19 523 67 Sélestat
51%
17 920 54 Lunéville
49%
15 570 54 Toul
48%
29 697 54 Vandœuvre-lès-Nancy
47%
34 382 67 Schiltigheim
45%
12 274 57 Sarrebourg
45%
22 530 68 Saint-Louis
44%
27 339 67 Illkirch-Graffenstaden
41%
15 492 54 Longwy
41%
7 683 52 Langres
40%
11 323 67 Saverne
40%
7 685 88 Gérardmer
39%
21 869 57 Montigny-lès-Metz
37%
9 328 67 Molsheim
37%
10 853 57 Amnéville
35%
11 349 51 Vitry-le-François
35%
14 383 54 Pont-à-Mousson
34%
7 435 08 Rethel
33%
12 303 67 Obernai
28%
7 769 68 Thann
28%
14 394 57 Woippy
28%
7 541 67 Wissembourg
27%
16 013 57 Hayange
26%
14 828 57 Saint-Avold
26%
7 500 88 Remiremont
24%
11 090 68 Guebwiller
23%
20 683 67 Lingolsheim
23%
7 906 54 Val de Briey
23%
15 126 54 Laxou
22%
17 497 57 Yutz
21%
10 014 54 Maxéville
20%
14 751 10 Romilly-sur-Seine
19%
14 938 54 Villers-lès-Nancy
19%
9 300 57 Hagondange
18%
10 662 51 Tinqueux
18%
18 289 67 Bischheim
17%
11 737 68 Cernay
17%
11 891 57 Florange
17%
11 076 67 Erstein
16%
10 100 54 Saint-Max
16%
8 827 88 Golbey
15%
12 389 57 Creutzwald
14%
8 733 54 Essey-lès-Nancy
14%
9 362 54 Jarville-la-Malgrange
14%
11 725 57 Maizières-lès-Metz
14%
7 818 54 Malzéville
14%
8 433 88 Thaon-les-Vosges
14%
9 040 54 Tomblaine
14%
10 369 67 Brumath
13%
14 759 57 Fameck
13%
13 069 57 Freyming-Merlebach
13%
11 413 67 Hœnheim
13%
12 695 10 Saint-André-les-Vergers
13%
15 491 68 Wittenheim
13%
12 211 67 Bischwiller
12%
15 115 68 Illzach
12%
8 090 54 Jarny
12%
12 603 10 La Chapelle-Saint-Luc
12%
10 086 54 Villerupt
12%
9 528 54 Dombasle-sur-Meurthe
11%
13 265 68 Kingersheim
11%
9 937 57 Marly
11%
14 125 68 Rixheim
11%
9 282 54 Mont-Saint-Martin
10%
13 492 67 Ostwald
10%
10 457 10 Sainte-Savine
10%
9 534 57 Rombas
9%
11 048 57 Stiring-Wendel
9%
8 044 57 Talange
9%
7 759 67 Geispolsheim
8%
12 154 68 Riedisheim
8%
10 364 68 Wittelsheim
8%
8 176 68 Brunstatt-Didenheim
7%
7 922 57 Guénange
7%
7 768 57 Hettange-Grande
7%
8 182 67 Souffelweyersheim
7%
7 609 57 Terville
7%
8 045 68 Wintzenheim
7%
10 275 68 Pfastatt
6%
Aucun quiz correspondant
Distribution des résultats
% des personnes avec chaque résultat
Percentile par nombre de réponses
Votre historique - résultats
Vous n’avez pas pris ce quiz depuis la dernière actualisation